| 000 | 00864 a2200217 4500 | ||
|---|---|---|---|
| 008 | 080820t xxu||||| |||| 00| 0 eng d | ||
| 010 | _aENG-84835 | ||
| 020 |
_a8188865257 _c850.00 |
||
| 035 | _aEN-68368 | ||
| 037 | _bD.B.Act / Pub | ||
| 082 | _a301 | ||
| 100 | _aChoudhary, Sujit Kumar | ||
| 245 |
_aThinkers and theories in sociology _cby Sujit Kumar Choudhary _bfrom Comte to Giddens |
||
| 260 |
_aDelhi _bGagandeep Publications _c2006 |
||
| 270 |
_a212, Krishna Gali No. 2, Maujpur _bDelhi _cDelhi _e110053 _k9312073850 _mgagandeepbooks@yahoo.co.in |
||
| 300 |
_axx, 388 p. ; _c23 cm. (Hb) |
||
| 500 | _aIncludes bibliographical references and index | ||
| 650 | _aSociology | ||
| 942 |
_adpl _cEN _k301 / CHO _2ddc _h301 _mCHO |
||
| 999 |
_c532 _d532 |
||